Lines from a song - 3. Medium - Statistics

General Stats
  • This quiz has been taken 21 times
  • The average score is 4 of 16
Answer Stats
Line Song / Band % Correct
"...Every single dayEvery word you say Every game you play Every night you stay I'll be watching you..." Every Breath You Take / The Police
94%
"...Now, Andy did you hear about this one?Tell me, are you locked in the punch? Hey Andy, are you goofing on Elvis? Hey, baby Are we losing touch? If you believed they put a..." Man on the Moon / R.E.M.
61%
"...We're heading for Venus and still we stand tall'Cause maybe they've seen us and welcome us all, yea With so many light years to go and things to be found (To be found) I'm sure that we'll all miss her so It's the..." The Final Countdown / Europe
44%
"...All I ever wantedAll I ever needed Is here in my arms Words are very unnecessary They can only do harm..." Enjoy the Silence / Depeche Mode
33%
"...Never made it as a wise manI couldn't cut it as a poor man stealing Tired of living like a blind man I'm sick of sight without a sense of feeling And this is..." How You Remind Me / Nickelback
33%
"...You'll take my life, but I'll take yours tooYou'll fire your musket, but I'll run you through So when you're waiting for the next attack You'd better stand, there's no turning back..." The Trooper / Iron Maiden
28%
"...Respect, walk, are you talking to me?Are you talking to me? Rock your mouth when I'm not around, it's easy to achieve You cry to weak friends that sympathize Can you hear the violins playing your song?..." Walk / Pantera
22%
"...I write by candlelight, I find insightFundamental movement, huh, so when it's black This insomniac, take an original tack Keep the beast in my nature under ceaseless attack I gets no sleep I can't get no sleep..." Insomnia / Faithless
17%
"...so I dream and stroke it harder 'cos it'sso fun to see my face staring back at me. I don't know your ???king name. so what let's ???k. All day I dream about..." A.D.I.D.A.S. / Korn
11%
"...She came to me one morningOne lonely Sunday morning Her long hair flowing in the midwinter wind I know not how she found me For in darkness I was walking..." Lady in Black / Uriah Heep
11%
"...Ambition makes you look pretty uglyKicking and squealing Gucci little piggy You don't remember, you don't remember Why don't you remember my name?..." Paranoid Android / Radiohead
11%
"...He's half man and half machineRides the metal monster Breathing smoke and fire Closing in with vengeance soaring high He is the..." Painkiller / Judas Priest
6%
"...I ride through the city's backsideI see the stars come out of the sky Yeah, they're bright in a hollow sky You know it looks so good tonight..." The Passenger / Iggy Pop
6%
"...I give this part of me for youSand rains down and here I sit Holding rare flowers In a tomb, in bloom..." Down in a Hole / Alice in Chains
0%
"...Zé do Caixão, Zumbi, LampiãoHello uptown Hello downtown Hello midtown Hello trenchtown..." Ratamahatta / Sepultura
0%
"...Disorder, disorder, disorderMore wood for the fires, loud neighbors Flashlight reveries caught in the headlights of a truck Eating seeds as a pastime activity..." Toxicity / System of a Down
0%
No matching quizzes found
Score Distribution
Percent of People with Each Score
Percentile by Number Answered
Your Score History
You have not taken this quiz